00879 a2200181 45000010006000000050017000060080041000230030015000640400040000790800159001192450052002782640051003303000019003815050239004000410008006391000022006477000028006695461320260407155820.0260407a1969 arg spa dAR-UNSa-BCEJYS aAR-UNSa-BCEJYSbspacAR-UNSa-BCEJYS a321.01xTeoría general del Estado. Teoría y filosofía del poder. Estado y territorio. Autoridad y oposición. Usurpación (Filosofía política)10aHegemonía y dominación en el estado moderno 1aCórdoba :bEdiciones Pasado y Presentec1969 a161 p.c20 cm. aI. La teoría marxista del estado y del derecho y el problema de la "alternativa" - II. Introducción al estudio de la hegemonía en el estado - III. La teoría política marxista en Gran Bretaña - IV. Marx y el derecho moderno aspa1 aPoulantzas, Nicos1 aPoyrazián, María T.